Japanese super cars

Bibliographic Details
Main Author: Jackson, Terry
Format: Book
Published: London : New Burlingtown Books , 1992
Subjects:

MARC

LEADER 00000cam a2200000 7i4500
001 0000004277
002 000004598
005 20020815.0
020 |a 1853483990 
090 0 0 |a 629.221   |b JAC 
100 0 |a Jackson, Terry 
245 1 0 |a Japanese super cars   |c by Terry Jackson 
260 |a London :   |b New Burlingtown Books ,   |c 1992 
300 |a 80p. :   |b illust ;   |c 30cm. 
650 0 0 |a Automobiles   |x Models   |x Japanese super cars 
999 |a 030266   |b BUKU   |c PINJAMAN   |e PERPUSTAKAAN KOMUNITI PETALING JAYA